| 000 | 00337nam a2200133Ia 4500 | ||
|---|---|---|---|
| 008 | 150201s2007 xx 000 0 und d | ||
| 082 |
_a616 _bS07S |
||
| 100 | _aSHIFF,EUGENER R | ||
| 245 | _aSHIFF'S DISEASES OF THE LIVER-I | ||
| 250 | _a10TH | ||
| 260 |
_bLIPPINCOTT _aWILLIAMS _c2007 |
||
| 650 | _aMEDICINE AND DIAGNOSIS | ||
| 942 |
_2ddc _cBK |
||
| 999 |
_c785 _d785 |
||